000 00236nam a2200097Ia 4500
005 20251222114341.0
008 251222s1900||||xx |||||||||||||| ||spa||
082 _aDVD0070/P41/2007/Ej.2
245 0 _aCamino Salvaje:Into the wild
942 _cDVD
999 _c878
_d878